000 01287nam a22002417a 4500
005 20240530110445.0
008 150427s2012 ua g b 000 0 ara d
017 _a2012/2406
_bمصر . دار الكتب المصرية
020 _a9789772070961
040 _aEG-CaGPL
082 0 4 _221
_a327.42073/
_bن هـ
100 0 _aنعمة حسن البكر
245 1 2 _aالهيمنة الامريكية بعد الحرب العالمية الثانية :
_bالعلاقات البريطانية - الامريكية : دراسة فى العلاقات السياسية ( 1945 - 1953 ) /
_cتاليف نعمة حسن البكر
260 _aالقاهرة :
_bالهيئة المصرية العامة للكتاب ،
_c2012 .
300 _a446 ص ؛
_c24 سم
504 _aببليوجرافية : ص 398 - 442
651 0 4 _aبريطانيا
_xالاحوال السياسية
651 0 4 _aالولايات المتحدة الامريكية
_xالعلاقات الخارجية
_zبريطانيا
651 0 4 _aبريطانيا
_xالعلاقات الخارجية
_zالولايات المتحدة الامريكية
651 0 4 _aالولايات المتحدة الامريكية
_xالاحوال السياسية
942 _2ddc
_cBK
999 _c61137
_d61137